| 000 | 01088nam a2200325 c 4500 | ||
|---|---|---|---|
| 003 | BLK | ||
| 005 | 20180420220706.0 | ||
| 008 | 180408b bul|||||r ||||||| ||bul|| | ||
| 010 | _aKNG00036633000 | ||
| 020 |
_a954-739-147-Х _bиздат.: Захарий Стоянов |
||
| 040 | _aBLK | ||
| 041 |
_aBUL _cBUL |
||
| 080 |
_aБългарска литература _b821.163.2 _x-93-32 _z821.163.2-93-32 |
||
| 100 | 1 |
_aРайчев, Росен _eпърви автор _9273333 |
|
| 139 |
_aРайчев, Росен _bР 29 |
||
| 245 | 1 | 0 |
_aЕйзи _cРосен Райчев. |
| 257 | _aBGR | ||
| 260 |
_аСофия _bЗахарий Стоянов _c2001 _fСофия : Вулкан 4 |
||
| 300 |
_a154 с. _c23 см |
||
| 380 | _aDX | ||
| 500 | _aОфс. изд. | ||
| 653 | _aприказни повести | ||
| 653 | _aлитература за деца | ||
| 653 | _aдетска литература | ||
| 852 | _aЦб 208711 | ||
| 856 | 4 |
_qpdf _u |
|
| 856 | 4 |
_qpdf _u |
|
| 942 |
_cKNG _n0 |
||
| 944 |
_aCR _c24.04.2003 _lф / _kЛюдмила_Стоянова |
||
| 944 |
_aED _c07.08.2013 _lф / _k |
||
| 999 |
_c33938 _d33938 |
||